Normal view
MARC view
- جيتس،آرثر مؤلف/جيريسلد،آرثر م.مشارك/ماكونل،ت.ر م.مشارك/شالمان،روبرت س م.مشارك/حافظ،إبراهيم مترجم/عثمان،السيد محمد مترجم/أبو العزم،محمد عبد الحميد مترجم/القوصي،عبدالعزيز مقدم ومشرف
Entry Personal Name
001 - CONTROL NUMBER
- control field: 7031
003 - CONTROL NUMBER IDENTIFIER
- control field: JO-AjAnu
005 - DATE AND TIME OF LATEST TRANSACTION
- control field: 20230606071435.0
008 - FIXED-LENGTH DATA ELEMENTS
- fixed length control field: 230606|| aca||aabn | a|a d
040 ## - CATALOGING SOURCE
- Original cataloging agency: JO-AjAnu
- Transcribing agency: JO-AjAnu
100 ## - HEADING--PERSONAL NAME
- Personal name: جيتس،آرثر مؤلف/جيريسلد،آرثر م.مشارك/ماكونل،ت.ر م.مشارك/شالمان،روبرت س م.مشارك/حافظ،إبراهيم مترجم/عثمان،السيد محمد مترجم/أبو العزم،محمد عبد الحميد مترجم/القوصي،عبدالعزيز مقدم ومشرف
670 ## - SOURCE DATA FOUND
- Source citation: Work cat.: (JO-AjAnu)3641: جيتس،آرثر مؤلف/جيريسلد،آرثر م.مشارك/ماكونل،ت.ر م.مشارك/شالمان،روبرت س م.مشارك/حافظ،إبراهيم مترجم/عثمان،السيد محمد مترجم/أبو العزم،محمد عبد الحميد مترجم/القوصي،عبدالعزيز مقدم ومشرف, author, علم النفس التربوي: التعلم ومقاييسه، الكتاب الثاني